000 01655nam a2200193 a 4500
090 _aIAVH
_b00765 CD-1
041 _aspa
100 _aRodríguez Reyes, Maritza
_94815
245 _aCanales alternativos para la comercialización de productos de biocomercio
260 _aBogotá
_bInstituto Alexander von Humboldt
_c2004
300 _a140 p.
520 _aEl informe se divide en nueve bloques: en el primero, Introducción, donde se resalta la importancia de la elección de un canal de comercialización adecuado; en el segundo, Metodología, se hace un recuento de la metodología aplicada para la caracterización de los canales de comercialización; en el tercero, Perfil del consumidor y del consumo de productos de biocomercio, se presenta el análisis de la información resultante de la aplicación de la encuesta a consumidores; en el cuarto bloque, Caracterización de la oferta productiva, se analiza la disponibilidad de la oferta para cada uno de los productos que hacen parte de la investigación; en el quinto, Caracterización de los canales alternativos de comercialización, se evalúa el funcionamiento de cada uno de los esquemas de comercialización propuestos. El sexto bloque contiene experiencias exitosas; el séptimo, Logística y Distribución; el octavo, Normatividad; y el último, conclusiones y recomendaciones.
650 _aConservación
_992401
650 _aBiodiversidad
_992204
650 _aBiocomercio
_992419
650 _aCanales de comercialización
_92459
650 _aConsumidores
_992582
773 0 _05986
_99704
_a
_b
_dBogotá Informatica documental 2007
_o024802
_tInformes de investigaciones IAVH en PDF
_w
_x
_z
999 _c6058
_d6058